Normale Ansicht MARC-Ansicht ISBD

Urbanität : (Titelsatznr. 371266)

[ MARC ]
MARC-Details
000 -Satzkennung
Kontrollfeld mit fester Länge 05752cam a2200985 4500
001 - Kontrollnummer
Kontrollfeld 774829486
003 - Kontrollnummer Identifier
Kontrollfeld DE-627
005 - Datum und Zeit der letzten Transaktion
Kontrollfeld 20220104131846.0
007 - Feld mit fester Länge zur physischen Beschreibung - Allgemeine Information
Kontrollfeld mit fester Länge tu
008 - Feld mit fester Länge zur physischen Beschreibung - Allgemeine Angaben
Kontrollfeld mit fester Länge 131218s2016 gw ||||| 10| ||ger c
015 ## - Nummer der Nationalbibliografie
Nummer der Nationalbibliografie 13,N51
Quelle dnb
016 7# - Kontrollnummer der nationalbibliografischen Agentur
Datensatzkontrollnummer 1045041653
Quelle DE-101
020 ## - Internationale Standardbuchnummer
Internationale Standardbuchnummer 3412222720
Bezugsbedingungen : Gb. : ca. EUR 27.90 (DE)
020 ## - Internationale Standardbuchnummer
Internationale Standardbuchnummer 9783412222727
Bezugsbedingungen Gb. : ca. EUR 27.90 (DE), ca. EUR 28.70 (AT), ca. sfr 38.50 (freier Pr.)
024 3# - Anderer Standardidentifier
Standardnummer oder Code 9783412222727
035 ## - Systemkontrollnummer
System-Kontrollnummer (DE-627)774829486
035 ## - Systemkontrollnummer
System-Kontrollnummer (DE-576)461130505
035 ## - Systemkontrollnummer
System-Kontrollnummer (DE-599)DNB1045041653
035 ## - Systemkontrollnummer
System-Kontrollnummer (OCoLC)944958549
035 ## - Systemkontrollnummer
System-Kontrollnummer (OCoLC)944958549
035 ## - Systemkontrollnummer
System-Kontrollnummer (DE-101)1045041653
040 ## - Katalogisierungsquelle
Original-Katalogisierungsstelle DE-627
Katalogisierungssprache ger
Übertragungsstelle DE-627
Beschreibungsfestlegungen rda
Bearbeitungsstelle DE-2950
041 ## - Sprachcode
Sprachcode des Textes/der Tonspur oder des separaten Titels ger
-- fre
044 ## - Ländercode der veröffentlichenden/herstellenden Stelle
ISO-Ländercode XA-DE-NW
-- XA-DE-TH
-- XA-AT-9
050 #0 - Signatur der Library of Congress
Notation HT153
082 0# - Notation nach der Dewey Decimal Classification
Notation 711
082 0# - Notation nach der Dewey Decimal Classification
Notation 900
082 04 - Notation nach der Dewey Decimal Classification
Notation 300
Zuweisende Stelle DNB
082 04 - Notation nach der Dewey Decimal Classification
Notation 900
084 ## - Andere Notation
Notation MS 1720
Zuweisende Stelle BVB
Quelle der Nummer rvk
IDN des Normdatensatzes oder Standardnummer (DE-625)rvk/123611:
084 ## - Andere Notation
Notation NR 1850
Quelle der Nummer rvk
IDN des Normdatensatzes oder Standardnummer (DE-625)rvk/129181:
084 ## - Andere Notation
Notation NR 1800
Quelle der Nummer rvk
IDN des Normdatensatzes oder Standardnummer (DE-625)rvk/129177:
084 ## - Andere Notation
Notation LB 73000
Quelle der Nummer rvk
IDN des Normdatensatzes oder Standardnummer (DE-625)rvk/90590:772
084 ## - Andere Notation
Notation 74.61
Quelle der Nummer bkl
084 ## - Andere Notation
Notation 74.12
Quelle der Nummer bkl
084 ## - Andere Notation
Notation 15.45
Quelle der Nummer bkl
090 ## - LOCALLY ASSIGNED LC-TYPE CALL NUMBER (OCLC); LOCAL CALL NUMBER (RLIN)
Notation (OCLC) (R) ; Notation, CALL (RLIN) (NR) a
245 10 - Titel
Titel Urbanität :
Zusatz zum Titel Formen der Inszenierung in Texten, Karten, Bildern /
Verfasserangabe etc. herausgegeben von Martina Stercken und Ute Schneider.
263 ## - Geplantes Erscheinungsdatum
Geplantes Erscheinungsdatum 201405
264 #1 - Produktion, Veröffentlichung, Distribution, Herstellung und Urheberrechtsvermerk
Herstellungs-, Veröffentlichungs- Vertriebs-, Erzeugungsort Köln;
-- Weimar;
-- Wien:
Produzent, Herausgeber, Distributor, Hersteller Böhlau Verlag GmbH,
Datum der Herstellung, der Veröffentlichung, des Vertriebs oder des Urheberschutzvermerks 2016.
300 ## - Physische Beschreibung
Umfang 252 Seiten:
Andere physische Details Illustrationen, Karten.
Maße 240 mm x 170 mm
336 ## - Inhaltstyp
Inhaltstypterm Text
Inhaltstypcode txt
Quelle rdacontent
337 ## - Medientyp
Bezeichnung des Medientyps ohne Hilfsmittel zu benutzen
Medientypcode n
Quelle rdamedia
338 ## - Datenträgertyp
Datenträgertypbezeichnung Band
Datenträgertypcode nc
Quelle rdacarrier
490 1# - Gesamttitelangabe
Gesamttitelangabe Städteforschung
-- Reihe A, Darstellungen
Bandnummer/Folgebezeichnung Band 90
505 80 - Fußnote zu strukturierten Inhaltsangaben
Titel Vorwort ; Adressen der Autoren ; Verzeichnis der Abkürzungen und Siglen ; Urbanität. Formen der Inszenierung
Verfasserangabe Martina Stercken und Ute Schneider
505 80 - Fußnote zu strukturierten Inhaltsangaben
Titel Urbanität : Stadtbilder vom Spätmittelalter bis in die Frühe Neuzeit
Verfasserangabe Gerhard Fouquet
505 80 - Fußnote zu strukturierten Inhaltsangaben
Titel 'Wissenschaft' und 'Unmoral' in den mittelalterlichen Vorstellungen von der Bildungsmetropole Paris
Verfasserangabe Frank Rexroth
505 80 - Fußnote zu strukturierten Inhaltsangaben
Titel Behauptete Städte : Urbanisierung und Urbanität in Texten adliger Herr- schaftspraxis aus dem Oberelsass um 1300
Verfasserangabe Gabriel Zeilinger
505 80 - Fußnote zu strukturierten Inhaltsangaben
Titel Das Konzil im Gedächtnis der Stadt : die Verhandlung von Wissen über die Vergangenheit in der städtischen Geschichtsschreibung am Oberrhein im 15. und 16. Jahrhundert
Verfasserangabe Pia Eckhart und Birgit Studt
505 80 - Fußnote zu strukturierten Inhaltsangaben
Titel Die Stadt im Buch : die Konstruktion städtischer Ordnung am Beispiel früh- neuzeitlicher Beschreibungen Neapels
Verfasserangabe Tanja Michalsky
505 80 - Fußnote zu strukturierten Inhaltsangaben
Titel Der Festungsbau als Initiator des Stadtplanes : zur Entwicklung der Wiener Stadtpläne im 16. Jahrhundert
Verfasserangabe Ferdinand Opll
505 80 - Fußnote zu strukturierten Inhaltsangaben
Titel Maschinen, Rhythmen und Texturen : Berlin : die Sinfonie der Gross-Stadt von Walter Ruttmann : die filmische Imagination einer Metropole
Verfasserangabe Jörg Schweinitz
505 80 - Fußnote zu strukturierten Inhaltsangaben
Titel Text : Spektakel : Praxis : Begriffliche Konjunkturen kulturwissenschaftlicher Stadtforschung
Verfasserangabe Julika Griem
505 80 - Fußnote zu strukturierten Inhaltsangaben
Titel Zur literarischen Modellierung von Urbanität und urbaner Komplexität : Li-teraturwissenschaft im Kontext disziplinenübergreifender Stadtforschung
Verfasserangabe Jens Martin Gurr
505 80 - Fußnote zu strukturierten Inhaltsangaben
Titel Visions d'urbanité et paysages sensoriels : le concours Europan en France
Verfasserangabe Enrico Chapel
505 80 - Fußnote zu strukturierten Inhaltsangaben
Titel Farbtafeln ; Index der Orts- und Personennamen.
520 ## - Fußnote zu Zusammenfassungen usw.
Fußnote zur Zusammenfassung usw. Urbanität wird von den Autorinnen und Autoren dieses Bandes weniger im Sinne des schillernden Begriffs verstanden, der seit der Antike als Chiffre für kultivierte Lebensart und Rhetorik und in der Gegenwart vor allem für verdichtete Bebauung verwendet wird, sondern vielmehr für die medialen Formen und Strategien, in denen Urbanität inszeniert und Eigenarten des Urbanen akzentuiert werden. Ausgegangen wird von einem kulturgeschichtlichen Medienbegriff, der nach den kulturellen Bedingungen von Sinnstiftung fragt und auch Prozesse der Vermittlung in der Zeit vor dem Buchdruck und den Massenmedien einbezieht. Der Band enthält Beiträge aus den Bereichen Geschichte, Kunstgeschichte, Romanistik, Anglistik und Medienwissenschaft
650 #0 - Nebeneintragung unter einem Schlagwort - Sachschlagwort
Sachschlagwort oder geografischer Name als Eintragungselement Cities and towns
Unterteilung nach Form Congresses
650 #0 - Nebeneintragung unter einem Schlagwort - Sachschlagwort
Sachschlagwort oder geografischer Name als Eintragungselement Cities and towns in art
Unterteilung nach Form Congresses
650 #4 - Nebeneintragung unter einem Schlagwort - Sachschlagwort
Sachschlagwort oder geografischer Name als Eintragungselement Kongreß
650 #4 - Nebeneintragung unter einem Schlagwort - Sachschlagwort
Sachschlagwort oder geografischer Name als Eintragungselement Europa
650 #4 - Nebeneintragung unter einem Schlagwort - Sachschlagwort
Sachschlagwort oder geografischer Name als Eintragungselement Stadt
650 #4 - Nebeneintragung unter einem Schlagwort - Sachschlagwort
Sachschlagwort oder geografischer Name als Eintragungselement Urbanität
650 #4 - Nebeneintragung unter einem Schlagwort - Sachschlagwort
Sachschlagwort oder geografischer Name als Eintragungselement Repräsentation
655 #7 - Indexierungsterm - Genre/Form
Genre/Form oder fokussierter Term Aufsatzsammlung
IDN des Normdatensatzes oder Standardnummer (DE-588)4143413-4
-- (DE-627)105605727
-- (DE-576)209726091
Quelle der Ansetzung oder des Terms gnd-content
655 #7 - Indexierungsterm - Genre/Form
Genre/Form oder fokussierter Term Konferenzschrift
Chronologische Unterteilung 2012
Geografische Unterteilung Münster (Westf)
IDN des Normdatensatzes oder Standardnummer (DE-588)1071861417
-- (DE-627)826484824
-- (DE-576)433375485
Quelle der Ansetzung oder des Terms gnd-content
951 ## - EQUIVALENCE OR CROSS-REFERENCE--GEOGRAPHIC NAME/AREA NAME [OBSOLETE] [CAN/MARC only]
Geografischer Name BO
700 1# - Nebeneintragung - Personenname
Personenname Stercken, Martina
Funktionsbezeichnung HerausgeberIn
IDN des Normdatensatzes oder Standardnummer (DE-588)1033753211
-- (DE-627)742466558
-- (DE-576)381409422
Code für Beziehungskennzeichnung edt
700 1# - Nebeneintragung - Personenname
Personenname Schneider, Ute
Datumsangaben in Verbindung mit einem Namen 1960-
Funktionsbezeichnung HerausgeberIn
IDN des Normdatensatzes oder Standardnummer (DE-588)124998062
-- (DE-627)369634802
-- (DE-576)29461138X
Code für Beziehungskennzeichnung edt
776 1# - Andere physische Form
Internationale Standardbuchnummer 9783412216894
776 08 - Andere physische Form
Verweisungsphrase Erscheint auch als
Fußnote Online-Ausgabe
Titel Urbanität
Ort, Verlag und Erscheinungsjahr Köln : Böhlau Verlag, 2016
Physische Beschreibung 1 Online-Ressource (252 Seiten)
Datensatzkontrollnummer (DE-627)854149813
-- (DE-576)405401264
Internationale Standardbuchnummer 9783412216894
830 #0 - Nebeneintragung unter dem Gesamttitel - Einheitstitel
Einheitstitel Städteforschung / A
Bandnummer/Folgebezeichnung Band 90
Koha-Normdatenidentnummer 90
Datensatzkontrollnummer (DE-627)130159506
-- (DE-576)015701735
-- (DE-600)517592-6
Internationale Standardseriennummer 2748-4564
856 42 - Elektronische Adresse und Zugriff
URL <a href="http://deposit.d-nb.de/cgi-bin/dokserv?id=4535447&prov=M&dok_var=1&dok_ext=htm">http://deposit.d-nb.de/cgi-bin/dokserv?id=4535447&prov=M&dok_var=1&dok_ext=htm</a>
Kontaktstelle für Hilfe beim Zugriff X: MVB
Elektronisches Format text/html
Zugriffszeiten 2013-12-18
Spezifische Materialangaben Inhaltstext
856 42 - Elektronische Adresse und Zugriff
URL <a href="http://d-nb.info/1045041653/04">http://d-nb.info/1045041653/04</a>
Kontaktstelle für Hilfe beim Zugriff B:DE-101
Elektronisches Format pdf/application
Zugriffszeiten 20160328003402
Spezifische Materialangaben Inhaltsverzeichnis
856 42 - Elektronische Adresse und Zugriff
URL <a href="https://www.hsozkult.de/publicationreview/id/rezbuecher-26177">https://www.hsozkult.de/publicationreview/id/rezbuecher-26177</a>
Kontaktstelle für Hilfe beim Zugriff V:DE-576;X:HSozKult
Elektronisches Format text/html
Zugriffszeiten 20180423102102
Spezifische Materialangaben Rezension
936 rv - OCLC/CONSER MISCELLANEOUS DATA (OCLC); PIECE USED FOR CATALOGING (pre-AACR2) (RLIN)
OCLC control number(s) of parallel record(s) (OCLC); Piece used for cataloging, PUC (RLIN) MS 1720
936 rv - OCLC/CONSER MISCELLANEOUS DATA (OCLC); PIECE USED FOR CATALOGING (pre-AACR2) (RLIN)
OCLC control number(s) of parallel record(s) (OCLC); Piece used for cataloging, PUC (RLIN) NR 1850
936 rv - OCLC/CONSER MISCELLANEOUS DATA (OCLC); PIECE USED FOR CATALOGING (pre-AACR2) (RLIN)
OCLC control number(s) of parallel record(s) (OCLC); Piece used for cataloging, PUC (RLIN) NR 1800
936 rv - OCLC/CONSER MISCELLANEOUS DATA (OCLC); PIECE USED FOR CATALOGING (pre-AACR2) (RLIN)
OCLC control number(s) of parallel record(s) (OCLC); Piece used for cataloging, PUC (RLIN) LB 73000
936 bk - OCLC/CONSER MISCELLANEOUS DATA (OCLC); PIECE USED FOR CATALOGING (pre-AACR2) (RLIN)
OCLC control number(s) of parallel record(s) (OCLC); Piece used for cataloging, PUC (RLIN) 74.61
936 bk - OCLC/CONSER MISCELLANEOUS DATA (OCLC); PIECE USED FOR CATALOGING (pre-AACR2) (RLIN)
OCLC control number(s) of parallel record(s) (OCLC); Piece used for cataloging, PUC (RLIN) 74.12
936 bk - OCLC/CONSER MISCELLANEOUS DATA (OCLC); PIECE USED FOR CATALOGING (pre-AACR2) (RLIN)
OCLC control number(s) of parallel record(s) (OCLC); Piece used for cataloging, PUC (RLIN) 15.45
942 ## - Zusätzliche Felder (Koha)
Klassifikation oder Aufstellungssystematik Andere/Generische Klassifikation
Koha-Medientyp Bücher
Exemplare
Ausgeschieden Verloren Klassifikation oder Aufstellungssystematik Beschädigt Nicht entleihbar Heimatbibliothek Aufenthaltsbibliothek Aufstellungsort Erwerbungsdatum Lieferant Kaufpreis Anzahl Ausleihen Signatur Letzte Aktivität Exemplarnummer Preis gültig von Koha-Medientyp
    Andere/Generische Klassifikation     Stadtarchiv Frankfurt (Oder) | Archivbibliothek Stadtarchiv Frankfurt (Oder) | Archivbibliothek Lesesaal 04/01/2022 Hutten 40.00   O21.90 ; III:1918 04/01/2022 177/2021 04/01/2022 Bücher